00748nam a2200241Ia 450000100060000000300090000600800410001504000130005604000130006904100130008210000200009510000290011524500510014424500470019525000110024226000120025326000100026526000490027530000550032450000760037965000200045565000310047596996IT-RoPAU130308s9999 xx 000 0 und d aIT-RoPAU cIT-RoPAU aITALIANO aMullini Roberta gCodice Aut. SPICS: 33473 aFatale monstrum: note sul fascino di Cleopatra bAntony And Cleopatra dal testo Alla Scena a1a ed. aBOLOGNA bClueb c1990 [1° Ed.:1990 - Ed.Ling.Originale:1990] a"7 p. (prefazione: no ; testo: 7 [pagine: 81-87])" aDiscorso di Cleopatra. Cleopatra regina di Roma. Discorso su Cleopatra. aSAGGI DI TEATRO eCodice materia Spics: 8411